[Event "ch-city"]
[Site "Milanowek"]
[Date "2012.07.05"]
[Round "6.6"]
[White "Cyra, Dariusz"]
[Black "Dabrowski, Mikolaj"]
[Result "1-0"]
[WhiteElo "1819"]
[BlackElo "1521"]
[PlyCount "69"]
[EventDate "2012.06.30"]
[EventType "swiss"]
[EventCountry "POL"]

1. d4 Nf6 2. c4 e6 3. Nc3 Bb4 4. a3 Bxc3+ 5. bxc3 b6 6. e3 Bb7 7. f3 d5 8. Bd3
O-O 9. cxd5 exd5 10. Ne2 Re8 11. O-O c5 12. Ng3 Nbd7 13. Ra2 Nf8 14. Re2 Rc8
15. Kh1 cxd4 16. cxd4 Ne6 17. Bb2 g6 18. Ree1 Re7 19. e4 Ne8 20. e5 Nf4 21. Bb1
Nc7 22. Bc1 Nce6 23. Bxf4 Nxf4 24. Qd2 Ne6 25. f4 Ba6 26. Rf2 Rc4 27. f5 Nxd4
28. Bd3 Ra4 29. Bxa6 Rxa6 30. Qxd4 Rxa3 31. Ne4 Rc7 32. Nf6+ Kg7 33. Qh4 Qh8
34. Nh5+ Kh6 35. Nf4+ 1-0

[Event "ch-city"]
[Site "Milanowek"]
[Date "2012.07.05"]
[Round "6.7"]
[White "Fraczek, Lukasz"]
[Black "Brudzinski, Maciej"]
[Result "0-1"]
[WhiteElo "1557"]
[BlackElo "1913"]
[PlyCount "116"]
[EventDate "2012.06.30"]
[EventType "swiss"]
[EventCountry "POL"]

1. e4 e5 2. Nf3 Nc6 3. Bc4 Be7 4. d4 exd4 5. Nxd4 Ne5 6. Bb3 c5 7. Nf5 c4 8.
Nd6+ Bxd6 9. Qxd6 Qf6 10. Qxf6 Nxf6 11. f4 cxb3 12. fxe5 bxc2 13. exf6 cxb1=Q
14. Rxb1 gxf6 15. O-O Ke7 16. b3 Rg8 17. Bb2 Rg6 18. Rf4 d6 19. Rbf1 Bh3 20.
R1f2 Rag8 21. Bxf6+ Ke6 22. g3 Rg4 23. Bb2 Rxf4 24. Rxf4 Rc8 25. Rf6+ Ke7 26.
Rf2 h5 27. Rd2 Ke6 28. Kf2 Rc5 29. Ke3 Ra5 30. a3 Rb5 31. b4 a5 32. Bc3 a4 33.
Rf2 f5 34. Rf4 Bg4 35. Bd4 fxe4 36. Rf6+ Kd5 37. Rf4 Bf3 38. Rf6 Kc4 39. Rxd6
Kb3 40. Bc5 Kxa3 41. h3 Kb3 42. g4 hxg4 43. hxg4 a3 44. Rd8 a2 45. Ra8 b6 46.
Be7 Ra5 47. Rxa5 bxa5 48. Bf6 axb4 49. Kd2 Bxg4 50. Ba1 Ka3 51. Kc2 e3 52. Bb2+
Ka4 53. Kd3 e2 54. Kd2 Kb3 55. Ba1 Ka3 56. Bd4 b3 57. Bc5+ Kb2 58. Bd4+ Kb1 0-1

[Event "ch-city"]
[Site "Milanowek"]
[Date "2012.07.05"]
[Round "6.8"]
[White "Grabarczyk, Sylwester"]
[Black "Wierzgala, Krzysztof"]
[Result "0-1"]
[WhiteElo "1738"]
[BlackElo "1752"]
[PlyCount "122"]
[EventDate "2012.06.30"]
[EventType "swiss"]
[EventCountry "POL"]

1. e4 d6 2. d4 Nf6 3. Nc3 g6 4. Nf3 Bg7 5. Be2 Bg4 6. h3 Bxf3 7. Bxf3 c6 8. Be3
O-O 9. O-O Nbd7 10. g4 e5 11. d5 Nb6 12. g5 Ne8 13. Qe2 c5 14. Bg4 f5 15. gxf6
Nxf6 16. Be6+ Kh8 17. Bg5 h6 18. Bh4 g5 19. Bg3 Ng8 20. Kg2 a6 21. Rh1 Bf6 22.
Rh2 Qe8 23. Bg4 Nd7 24. Bh5 Qe7 25. Rah1 Qg7 26. Bg4 Bd8 27. Nd1 Ndf6 28. Be6
h5 29. f3 h4 30. Be1 Nh5 31. Kg1 c4 32. Bg4 Bb6+ 33. Kf1 Ngf6 34. Ne3 Nf4 35.
Qd2 Nxe4 36. fxe4 Bxe3 37. Qd1 Nd3+ 38. Bf5 Nxe1 39. Qh5+ Kg8 40. Kxe1 Rf6 41.
Rf1 Bf4 42. Rg2 Qh6 43. Qg4 Kh8 44. Kd1 Rg8 45. Qf3 Qf8 46. Qc3 b5 47. Qa5 Qa8
48. Rgf2 Qa7 49. c3 Qe3 50. Qc7 Qc1+ 51. Ke2 Qd2+ 52. Kf3 Qe3+ 53. Kg2 Qg3+ 54.
Kh1 Rxf5 55. exf5 Qxh3+ 56. Kg1 Qxf5 57. Qxd6 Rf8 58. Qh6+ Kg8 59. Qe6+ Qxe6
60. dxe6 Be3 61. Kg2 Rxf2+ 0-1

[Event "ch-city"]
[Site "Milanowek"]
[Date "2012.07.05"]
[Round "6.9"]
[White "Borowy, Cezary"]
[Black "Kowalska, Elzbieta"]
[Result "1/2-1/2"]
[WhiteElo "1851"]
[BlackElo "1944"]
[PlyCount "80"]
[EventDate "2012.06.30"]
[EventType "swiss"]
[EventCountry "POL"]

1. Nf3 c5 2. g3 d5 3. Bg2 Nc6 4. d4 e6 5. O-O Nge7 6. dxc5 Nf5 7. c4 Bxc5 8.
cxd5 exd5 9. Nc3 Nfe7 10. Qb3 Qb6 11. Qxb6 Bxb6 12. Rd1 Be6 13. Ng5 O-O 14.
Nxd5 Bxd5 15. Bxd5 Nxd5 16. Rxd5 Rfd8 17. Rxd8+ Rxd8 18. Bf4 h6 19. Ne4 g5 20.
Be3 Bxe3 21. fxe3 f5 22. Nc3 Rd2 23. Rb1 Ne5 24. Kf2 Ng4+ 25. Ke1 Rd7 26. e4
fxe4 27. h3 Nf6 28. Kf2 Kf7 29. Ke3 Kg6 30. Rf1 h5 31. a3 Re7 32. Rd1 Kf5 33.
Nd5 Nxd5+ 34. Rxd5+ Re5 35. Rd7 Rb5 36. b4 a5 37. a4 Rxb4 38. Rd5+ Kg6 39. Rxa5
Rb3+ 40. Kf2 Ra3 1/2-1/2

[Event "ch-city"]
[Site "Milanowek"]
[Date "2012.07.05"]
[Round "6.10"]
[White "Starczewski, Michal"]
[Black "Kowalik, Pawel"]
[Result "1-0"]
[WhiteElo "1541"]
[BlackElo "1722"]
[PlyCount "97"]
[EventDate "2012.06.30"]
[EventType "swiss"]
[EventCountry "POL"]

1. f4 d5 2. Nf3 Nf6 3. b3 g6 4. Bb2 Bg7 5. e3 c5 6. Be2 Nc6 7. O-O O-O 8. a4 b6
9. Ne5 Bb7 10. d3 Nd7 11. Nxc6 Bxc6 12. Bxg7 Kxg7 13. Nd2 f6 14. f5 Qe8 15. Qe1
e6 16. Qg3 exf5 17. Rxf5 Kh8 18. Rf4 Qe5 19. Raf1 g5 20. Rxf6 Rxf6 21. Qxe5
Nxe5 22. Rxf6 Kg7 23. Re6 Re8 24. Rxe8 Bxe8 25. Kf2 Kf6 26. h3 h5 27. Nb1 h4
28. Nc3 Bf7 29. Nb5 Nc6 30. c3 a5 31. d4 Bg6 32. Bd1 Bd3 33. Nc7 Be4 34. Na8
cxd4 35. exd4 Ne7 36. Nxb6 Ng6 37. Bf3 Nf4 38. Nd7+ Ke7 39. Nc5 Bc2 40. b4 axb4
41. cxb4 Kd6 42. b5 Ng6 43. a5 Ne7 44. Bg4 Kc7 45. b6+ Kb8 46. a6 Nc6 47. a7+
Ka8 48. Bf3 Be4 49. Nxe4 1-0

[Event "ch-city"]
[Site "Milanowek"]
[Date "2012.07.05"]
[Round "6.11"]
[White "Borowski, Marek"]
[Black "Kolinski, Daniel"]
[Result "0-1"]
[WhiteElo "1587"]
[BlackElo "1713"]
[Annotator "Admin"]
[PlyCount "102"]
[EventDate "2012.06.30"]
[EventType "swiss"]
[EventCountry "POL"]

1. d4 Nf6 2. c4 c5 3. d5 d6 4. Nc3 g6 5. f3 Bg7 6. e4 e6 7. Bd3 exd5 8. cxd5
O-O 9. Nge2 Re8 10. O-O Nbd7 11. Kh1 Ne5 12. Bc2 b5 13. Nxb5 Rb8 14. Nxa7 Bd7
15. b3 Nfg4 16. Bf4 g5 17. Bd2 Nxh2 18. Kxh2 g4 19. Be1 gxf3 20. gxf3 Qg5 21.
Ng1 Ng6 22. Bg3 Nf4 23. Bxf4 Qxf4+ 24. Kg2 Be5 25. Rf2 h5 26. Rb1 h4 27. Qd2
h3+ 28. Kf1 h2 29. Qxf4 Bxf4 30. Kg2 hxg1=Q+ 31. Rxg1 Be3 32. a4 c4 33. Nc6
Bxc6 34. dxc6 cxb3 35. Bd3 Kf8 36. Bb5 Rec8 37. Rb1 Bxf2 38. Kxf2 Ke7 39. Ke3
Kf6 40. Kd4 Kg5 $11 41. Kd5 Kf4 42. Rxb3 f5 43. exf5 Kxf5 44. Kxd6 Rd8+ 45. Kc5
Ke5 46. Rd3 Rxb5+ 47. axb5 Rxd3 48. c7 Rc3+ 49. Kb6 Kd6 50. Ka6 Kxc7 51. b6+
Kc6 0-1

[Event "ch-city"]
[Site "Milanowek"]
[Date "2012.07.05"]
[Round "6.12"]
[White "Rzeszowski, Dominik"]
[Black "Szustakowski, Antoni"]
[Result "1/2-1/2"]
[WhiteElo "1627"]
[BlackElo "1485"]
[Annotator "Admin"]
[PlyCount "58"]
[EventDate "2012.06.30"]
[EventType "swiss"]
[EventCountry "POL"]

1. Nf3 Nf6 2. g3 g6 3. Bg2 Bg7 4. O-O d5 5. c4 e6 6. d4 O-O 7. cxd5 exd5 8. Nc3
Nc6 9. Ne5 Ne7 10. Re1 c6 11. e4 dxe4 12. Nxe4 Nxe4 13. Bxe4 Bf5 14. Bxf5 Nxf5
15. Be3 Nxe3 16. Rxe3 Re8 17. Qb3 Bxe5 18. dxe5 Qe7 19. e6 fxe6 20. Rae1 Qf7
21. Rxe6 Rxe6 22. Rxe6 Rf8 23. Qe3 Qf3 24. Qe1 Rd8 25. Re8+ Rxe8 26. Qxe8+ Qf8
27. Qxf8+ Kxf8 28. Kf1 Ke7 29. Ke2 b6 $11 1/2-1/2

[Event "ch-city"]
[Site "Milanowek"]
[Date "2012.07.05"]
[Round "6.13"]
[White "Woloszyn, Piotr"]
[Black "Jarzebowski, Kacper"]
[Result "1/2-1/2"]
[WhiteElo "1581"]
[BlackElo "1301"]
[PlyCount "60"]
[EventDate "2012.06.30"]
[EventType "swiss"]
[EventCountry "POL"]

1. g3 e5 2. c4 g6 3. d4 exd4 4. Qxd4 Qf6 5. Qxf6 Nxf6 6. Bf4 d6 7. Nc3 Bd7 8.
Bg2 Nc6 9. O-O-O Bg7 10. h3 O-O-O 11. e4 Be6 12. Nd5 Bxd5 13. cxd5 Ne5 14. Bxe5
dxe5 15. Ne2 Ne8 16. Nc3 Nd6 17. h4 Rhe8 18. h5 Kb8 19. Kc2 a6 20. Kb3 Ka7 21.
Rc1 b6 22. a4 Bh6 23. Rcd1 Bg7 24. hxg6 hxg6 25. Rh7 Bf6 26. Rdh1 Rh8 27. Rxh8
Rxh8 28. Rxh8 Bxh8 29. Kb4 Bg7 30. Bf1 Bf8 1/2-1/2

[Event "ch-city"]
[Site "Milanowek"]
[Date "2012.07.06"]
[Round "7.1"]
[White "Liberadzki, Slawomir"]
[Black "Goslawski, Michal"]
[Result "1/2-1/2"]
[WhiteElo "2080"]
[BlackElo "2113"]
[PlyCount "42"]
[EventDate "2012.06.30"]
[EventType "swiss"]
[EventCountry "POL"]

1. c4 Nf6 2. Nc3 e6 3. g3 d5 4. cxd5 exd5 5. d4 Bd6 6. Bg2 c6 7. Nf3 O-O 8. O-O
Re8 9. Bg5 Nbd7 10. a3 a5 11. Rb1 h6 12. Bxf6 Nxf6 13. Qc2 Bg4 14. e3 Qd7 15.
Rbc1 Bf5 16. Qb3 b5 17. Ra1 a4 18. Qd1 Bg4 19. Qc2 Bf5 20. Qd1 Bg4 21. Qc2 Bf5
1/2-1/2

[Event "ch-city"]
[Site "Milanowek"]
[Date "2012.07.06"]
[Round "7.2"]
[White "Tomaszewska, Luiza"]
[Black "Janczarski, Michal"]
[Result "1-0"]
[WhiteElo "1969"]
[BlackElo "2345"]
[Annotator "Admin"]
[PlyCount "123"]
[EventDate "2012.06.30"]
[EventType "swiss"]
[EventCountry "POL"]

1. d4 Nf6 2. Nf3 e6 3. c3 b6 4. Bf4 Bb7 5. Nbd2 d6 6. e3 Be7 7. Qc2 Nh5 8. Bg3
c5 9. Be2 Nd7 10. O-O Qc7 11. a4 Nxg3 12. fxg3 a6 13. Qd3 Rc8 14. Rf2 O-O 15.
Ne4 h6 16. g4 b5 17. Ng3 b4 18. c4 d5 19. b3 Bd6 20. Nh5 dxc4 21. bxc4 g6 22.
Ng3 Bxg3 23. hxg3 Qxg3 24. Nh2 cxd4 25. Nf1 Qd6 26. exd4 e5 27. d5 a5 28. Qh3
Kg7 29. Ng3 Nc5 30. Raf1 b3 31. Rf6 Qxf6 32. Rxf6 Kxf6 33. Nf1 Ba6 34. Qxh6 b2
35. Nd2 Rb8 36. Nb1 Rfc8 37. g5+ Ke7 38. Qg7 Nd7 39. d6+ Kxd6 40. Qxf7 Bb7 41.
Bg4 Bc6 42. Qxg6+ Kc7 43. c5 Rd8 44. Qd6+ Kb7 45. g6 Nb6 46. Qe7+ Nd7 47. g7
Re8 48. Qd6 Rbd8 49. Qd2 Nxc5 50. Qxb2+ Kc7 51. Qc3 Nb7 52. Na3 e4 53. Nc4 Kb8
54. Qg3+ Ka8 $11 55. Qc7 e3 56. Nb6+ Ka7 57. Qxc6 e2 58. Bxe2 Rxe2 59. Nd7 Rb2
60. Nf8 Rb1+ 61. Kh2 Rb6 62. Qc1 1-0

[Event "ch-city"]
[Site "Milanowek"]
[Date "2012.07.06"]
[Round "7.3"]
[White "Grochulski, Grzegorz"]
[Black "Sielicki, Tomasz"]
[Result "1/2-1/2"]
[WhiteElo "2090"]
[BlackElo "2011"]
[PlyCount "127"]
[EventDate "2012.06.30"]
[EventType "swiss"]
[EventCountry "POL"]

1. e4 e5 2. Nc3 Nf6 3. f4 d5 4. fxe5 Nxe4 5. Qf3 Nxc3 6. bxc3 Be7 7. d4 h5 8.
Bd3 c5 9. Bb5+ Nc6 10. Ne2 Bg4 11. Qf2 Qa5 12. Bxc6+ bxc6 13. O-O Bxe2 14.
Qxf7+ Kd8 15. Bg5 Bxg5 16. Qxg7 Bxf1 17. Qxh8+ Kd7 18. e6+ Kc7 19. Qg7+ Kb6 20.
Rxf1 Be3+ 21. Kh1 Qb5 22. Re1 Bd2 23. Rd1 Bxc3 24. dxc5+ Qxc5 25. Rb1+ Ka5 26.
Qc7+ Ka4 27. Qb7 Re8 28. Qa6+ Ba5 29. Qd3 Qc4 30. Qd1 Bc3 31. Qxh5 Rxe6 32. Qf7
Re1+ 33. Rxe1 Bxe1 34. Qxa7+ Ba5 35. Qf2 Qxa2 36. h4 Qa1+ 37. Kh2 Bc7+ 38. Kh3
Qe5 39. g3 d4 40. Qf3 Kb4 41. Qb3+ Kc5 42. Qa3+ Kd5 43. Qf3+ Kd6 44. Qf8+ Kd7
45. Qf7+ Qe7 46. Qf2 Qe6+ 47. Kh2 c5 48. Qd2 Qe3 49. Qg2 Bd6 50. Qb7+ Ke6 51.
Qc8+ Kd5 52. Qb7+ Ke5 53. Qg7+ Ke4 54. Qb7+ Kf5 55. Qf7+ Kg4 56. Qg6+ Kf3 57.
Qf6+ Bf4 58. Qc6+ Qe4 59. Qxe4+ Kxe4 60. gxf4 c4 61. Kg3 d3 62. cxd3+ cxd3 63.
Kf2 Kxf4 64. h5 1/2-1/2

[Event "ch-city"]
[Site "Milanowek"]
[Date "2012.07.06"]
[Round "7.4"]
[White "Rogalski, Krzysztof"]
[Black "Olejarczyk, Bogdan"]
[Result "0-1"]
[WhiteElo "1855"]
[BlackElo "2132"]
[PlyCount "44"]
[EventDate "2012.06.30"]
[EventType "swiss"]
[EventCountry "POL"]

1. d4 d5 2. c4 c6 3. Nf3 Nf6 4. Nc3 e6 5. e3 Nbd7 6. Bd3 dxc4 7. Bxc4 b5 8. Bd3
a6 9. e4 c5 10. e5 cxd4 11. Nxb5 axb5 12. exf6 gxf6 13. Nxd4 Bc5 14. Nb3 Qb6
15. Nxc5 Nxc5 16. Be3 Qa5+ 17. Ke2 Nxd3 18. Qxd3 b4 19. Qd2 Ba6+ 20. Ke1 Rd8
21. Qc1 b3+ 22. Qc3 Qb5 0-1

[Event "ch-city"]
[Site "Milanowek"]
[Date "2012.07.06"]
[Round "7.5"]
[White "Brudzinski, Maciej"]
[Black "Cyra, Dariusz"]
[Result "1-0"]
[WhiteElo "1913"]
[BlackElo "1819"]
[PlyCount "57"]
[EventDate "2012.06.30"]
[EventType "swiss"]
[EventCountry "POL"]

1. e4 e6 2. d3 d5 3. Nd2 c5 4. Ngf3 Nf6 5. g3 Nc6 6. Bg2 Be7 7. O-O b5 8. e5
Nd7 9. Re1 Bb7 10. Nf1 O-O 11. h4 Rc8 12. N1h2 a5 13. a3 a4 14. Bf4 Qa5 15. c3
Ra8 16. Ng5 h6 17. Qh5 hxg5 18. hxg5 Ncxe5 19. Bxe5 Nxe5 20. Rxe5 Bd6 21. Ree1
Rad8 22. Ng4 Be7 23. f4 Rfe8 24. Ne5 g6 25. Nxg6 fxg6 26. Qxg6+ Kf8 27. Qh6+
Kf7 28. Qh7+ Kf8 29. g6 1-0

[Event "ch-city"]
[Site "Milanowek"]
[Date "2012.07.06"]
[Round "7.6"]
[White "Wierzgala, Krzysztof"]
[Black "Hagner, Pawel"]
[Result "1-0"]
[WhiteElo "1752"]
[BlackElo "1828"]
[PlyCount "59"]
[EventDate "2012.06.30"]
[EventType "swiss"]
[EventCountry "POL"]

1. e4 g6 2. Bc4 Bg7 3. d3 d6 4. Nc3 c5 5. Nge2 Nc6 6. O-O e6 7. a3 Nge7 8. Bg5
O-O 9. Qd2 a6 10. a4 Qc7 11. Bf4 Bd7 12. Rab1 Na5 13. b4 Nxc4 14. dxc4 e5 15.
Bg5 Be6 16. Bxe7 Qxe7 17. Nd5 Bxd5 18. cxd5 Rac8 19. b5 axb5 20. Rxb5 f5 21. f3
fxe4 22. fxe4 Rxf1+ 23. Kxf1 Rf8+ 24. Kg1 Rf4 25. Nxf4 exf4 26. Qxf4 Bd4+ 27.
Kf1 Be5 28. Qg4 Qf6+ 29. Ke2 h5 30. Qe6+ 1-0

[Event "ch-city"]
[Site "Milanowek"]
[Date "2012.07.06"]
[Round "7.7"]
[White "Kowalska, Elzbieta"]
[Black "Starczewski, Michal"]
[Result "1-0"]
[WhiteElo "1944"]
[BlackElo "1541"]
[PlyCount "127"]
[EventDate "2012.06.30"]
[EventType "swiss"]
[EventCountry "POL"]

1. e4 c5 2. Nf3 Nc6 3. d4 cxd4 4. Nxd4 Nf6 5. Nc3 a6 6. Be2 e6 7. O-O Bb4 8.
Nxc6 bxc6 9. e5 Bxc3 10. bxc3 Nd5 11. Qd4 Qa5 12. Bd2 c5 13. c4 cxd4 14. Bxa5
Ne7 15. Rab1 O-O 16. Bf3 Nc6 17. Bxc6 dxc6 18. Bb6 a5 19. Rfd1 Ba6 20. c5 f6
21. exf6 e5 22. fxg7 Kxg7 23. f3 Rae8 24. Bxa5 e4 25. Rxd4 exf3 26. Rg4+ Kh6
27. Bd2+ Kh5 28. Rg5+ Kh6 29. Rg3+ Kh5 30. gxf3 Rd8 31. Be3 Rfe8 32. Rg5+ Kh6
33. Re5+ Kg6 34. Rxe8 Rxe8 35. Kf2 Kf5 36. Rb4 Re7 37. a4 Rb7 38. Rb6 Rxb6 39.
cxb6 Ke6 40. a5 Kd6 41. Bd2 c5 42. Ke3 Ke5 43. f4+ Kf5 44. h3 Bb7 45. Kd3 Ba6+
46. Ke3 Bb7 47. Bc1 Ke6 48. c4 Kd6 49. Ba3 Ba6 50. Kd3 Bb7 51. Bb2 Bc8 52. h4
h5 53. Ke4 Ba6 54. Be5+ Kc6 55. Kd3 Bc8 56. Bc7 Bf5+ 57. Ke3 Bc8 58. Ke4 Ba6
59. f5 Bxc4 60. Ke5 Bd3 61. Kf6 c4 62. Be5 Kb5 63. Bc3 Kc6 64. Ke6 1-0

[Event "ch-city"]
[Site "Milanowek"]
[Date "2012.07.06"]
[Round "7.8"]
[White "Trocha, Adam"]
[Black "Dabrowski, Mikolaj"]
[Result "1/2-1/2"]
[WhiteElo "1560"]
[BlackElo "1521"]
[PlyCount "34"]
[EventDate "2012.06.30"]
[EventType "swiss"]
[EventCountry "POL"]

1. c4 e5 2. Nc3 Nf6 3. Nf3 Nc6 4. g3 d5 5. cxd5 Nxd5 6. Bg2 Nb6 7. O-O Be6 8.
a3 f6 9. b4 Qd7 10. d3 O-O-O 11. Be3 Nd4 12. Nxd4 exd4 13. Ne4 Bh3 14. Qc2 h5
15. Rfc1 Na8 16. Rab1 Rh6 17. a4 g5 1/2-1/2

[Event "ch-city"]
[Site "Milanowek"]
[Date "2012.07.06"]
[Round "7.9"]
[White "Grabarczyk, Sylwester"]
[Black "Borowy, Cezary"]
[Result "0-1"]
[WhiteElo "1738"]
[BlackElo "1851"]
[PlyCount "88"]
[EventDate "2012.06.30"]
[EventType "swiss"]
[EventCountry "POL"]

1. Nc3 Nf6 2. d4 e6 3. e4 d5 4. e5 Nfd7 5. Nf3 c5 6. Bb5 a6 7. Bxd7+ Bxd7 8.
O-O Nc6 9. Ne2 Be7 10. dxc5 Bxc5 11. c3 O-O 12. Bf4 Qc7 13. Bg3 Ne7 14. Ned4
Nc6 15. Nxc6 Bxc6 16. Nd4 b5 17. Qd2 Rab8 18. Rac1 Rfc8 19. h4 Qb6 20. Nf3 h6
21. Bf4 b4 22. h5 bxc3 23. bxc3 Ba3 24. Rb1 Qxb1 25. Rxb1 Rxb1+ 26. Kh2 Bc1 27.
Qd4 Bb5 28. Nd2 Rb2 29. c4 Bxc4 30. Qc3 Bxd2 31. Bxd2 Rcb8 32. Bc1 Rxf2 33. Qg3
Rf5 34. Qg4 Kh8 35. Qh4 Be2 36. g4 Rf1 37. g5 Rxc1 38. gxh6 Bd3 39. hxg7+ Kg8
40. Qe7 Be4 41. Qa3 Rbc8 42. Qxa6 R8c3 43. Qa8+ Kxg7 44. h6+ Kh7 0-1

[Event "ch-city"]
[Site "Milanowek"]
[Date "2012.07.06"]
[Round "7.11"]
[White "Rzeszowski, Dominik"]
[Black "Fraczek, Lukasz"]
[Result "1/2-1/2"]
[WhiteElo "1627"]
[BlackElo "1557"]
[Annotator "Admin"]
[PlyCount "47"]
[EventDate "2012.06.30"]
[EventType "swiss"]
[EventCountry "POL"]

1. d4 Nf6 2. c4 g6 3. Nc3 Bg7 4. e4 d6 5. Nf3 O-O 6. Be2 Nbd7 7. Bf4 e5 8. dxe5
dxe5 9. Nxe5 Nxe4 10. Nxe4 Nxe5 11. O-O Be6 12. Bxe5 Bxe5 13. Nc5 Bc8 14. Bf3
Rb8 15. Qxd8 Rxd8 16. Rad1 Rxd1 17. Rxd1 Bd6 18. Ne4 Be7 19. Nc3 c6 20. Re1 Bd6
21. Re8+ Kg7 22. Ne4 Bd7 23. Rxb8 Bxb8 24. b4 $11 1/2-1/2

[Event "ch-city"]
[Site "Milanowek"]
[Date "2012.07.06"]
[Round "7.12"]
[White "Kowalik, Pawel"]
[Black "Borowski, Marek"]
[Result "0-1"]
[WhiteElo "1722"]
[BlackElo "1587"]
[PlyCount "48"]
[EventDate "2012.06.30"]
[EventType "swiss"]
[EventCountry "POL"]

1. c4 e6 2. d4 Nf6 3. Nf3 b6 4. g3 Bb7 5. Bg2 Be7 6. O-O O-O 7. Nc3 d5 8. cxd5
exd5 9. Bg5 Nbd7 10. a3 h6 11. Bf4 Rc8 12. b4 Nh5 13. Be3 Re8 14. Qb3 c6 15.
Bh3 Ra8 16. Rac1 b5 17. Rfe1 Nb6 18. Ne5 Bd6 19. Nd3 Rxe3 20. fxe3 Qg5 21. Nd1
Nc4 22. N3b2 Bxg3 23. Rf1 Bxh2+ 24. Kh1 Nd2 0-1

[Event "ch-city"]
[Site "Milanowek"]
[Date "2012.07.06"]
[Round "7.13"]
[White "Szustakowski, Antoni"]
[Black "Woloszyn, Piotr"]
[Result "1/2-1/2"]
[WhiteElo "1485"]
[BlackElo "1581"]
[PlyCount "58"]
[EventDate "2012.06.30"]
[EventType "swiss"]
[EventCountry "POL"]

1. d4 c5 2. d5 d6 3. c4 g6 4. Nc3 Bg7 5. Bd2 Nf6 6. e4 Na6 7. f4 e5 8. fxe5
dxe5 9. Nf3 O-O 10. Bd3 Nxe4 11. Bxe4 f5 12. O-O fxe4 13. Nxe4 Bf5 14. Qe2 Qd7
15. Bc3 Rae8 16. Rad1 b6 17. b3 Bg4 18. Qd3 Bxf3 19. Rxf3 Rxf3 20. Qxf3 Rf8 21.
Qe2 Nc7 22. Rf1 Rf5 23. Rf3 Ne8 24. a3 Qe7 25. Qf2 Rxf3 26. Qxf3 Nd6 27. Nxd6
Qxd6 28. Qe4 a5 29. a4 Bf6 1/2-1/2

[Event "ch-city"]
[Site "Milanowek"]
[Date "2012.07.06"]
[Round "7.14"]
[White "Jarzebowski, Kacper"]
[Black "Tomaszewski, Wieslaw"]
[Result "1-0"]
[WhiteElo "1301"]
[BlackElo "1619"]
[PlyCount "69"]
[EventDate "2012.06.30"]
[EventType "swiss"]
[EventCountry "POL"]

1. e4 c5 2. Nf3 Nc6 3. d4 cxd4 4. Nxd4 d6 5. Nc3 g6 6. Be3 Bg7 7. Bc4 Nf6 8. f3
Bd7 9. Qd2 Rc8 10. Be2 a6 11. O-O-O Ne5 12. g4 Nc4 13. Bxc4 Rxc4 14. h4 h5 15.
g5 Nh7 16. Nde2 b5 17. b3 Rc8 18. Bd4 Bxd4 19. Qxd4 O-O 20. Kb2 Bc6 21. Rhg1 a5
22. f4 b4 23. Nd5 Bxd5 24. Qxd5 Qc7 25. Rd2 Qb6 26. f5 Rc5 27. Qd4 Rfc8 28.
fxg6 fxg6 29. Qd3 Nf8 30. Rf1 Rc3 31. Qd5+ e6 32. Rxf8+ Kxf8 33. Qxe6 Qc7 34.
Nd4 Qg7 35. Rf2+ 1-0

[Event "ch-city"]
[Site "Milanowek"]
[Date "2012.07.07"]
[Round "8.1"]
[White "Goslawski, Michal"]
[Black "Tomaszewska, Luiza"]
[Result "0-1"]
[WhiteElo "2113"]
[BlackElo "1969"]
[Annotator "Admin"]
[PlyCount "116"]
[EventDate "2012.06.30"]
[EventType "swiss"]
[EventCountry "POL"]

1. Nf3 Nf6 2. c4 d6 3. d4 Nbd7 4. Nc3 e5 5. g3 c6 6. Bg2 Qe7 7. O-O g6 8. dxe5
dxe5 9. Ng5 Nc5 10. Be3 Ne6 11. Qa4 Bd7 12. Rad1 Ng4 13. Nxe6 Qxe6 14. Bc1 h5
15. h3 Nh6 16. Ne4 f6 17. Rd3 Nf5 18. Rfd1 Rh7 19. Qb3 O-O-O 20. Qa4 Kb8 21.
Be3 Nd4 22. Bxd4 exd4 23. c5 Bc8 24. Ra3 b5 25. Qa5 Rc7 26. Rad3 h4 27. a4 hxg3
28. fxg3 f5 29. Ng5 Qf6 30. h4 Bxc5 31. axb5 Bb6 32. Qa4 c5 33. Qc4 Re7 34. e4
Be6 35. Nxe6 Qxe6 36. Qxe6 Rxe6 37. exf5 gxf5 38. b3 Rg6 39. Rf1 Bc7 40. Rxf5
Bxg3 41. Rg5 Rxg5 42. hxg5 Bf4 43. g6 Be3+ 44. Kh2 Re8 45. Bd5 Re5 46. Bf3 Rg5
47. Be4 Kc7 48. Rd1 Kd6 49. Rf1 Ke5 50. Rf5+ Rxf5 51. Bxf5 Bh6 52. Bb1 Kf4 53.
Kg2 Ke3 54. Kf1 Kd2 55. Kf2 d3 56. Kf3 Kc3 57. Kf2 d2 58. Ke2 Kb2 $138 0-1

[Event "ch-city"]
[Site "Milanowek"]
[Date "2012.07.07"]
[Round "8.2"]
[White "Janczarski, Michal"]
[Black "Brudzinski, Maciej"]
[Result "1-0"]
[WhiteElo "2345"]
[BlackElo "1913"]
[PlyCount "64"]
[EventDate "2012.06.30"]
[EventType "swiss"]
[EventCountry "POL"]

1. c4 Nf6 2. Nc3 g6 3. g3 Bg7 4. Bg2 c6 5. e4 e5 6. Nf3 d6 7. d4 Qe7 8. O-O O-O
9. h3 Be6 10. d5 cxd5 11. cxd5 Bd7 12. b4 b5 13. Be3 Na6 14. a3 Rfc8 15. Qd3
Rxc3 16. Qxc3 Nxe4 17. Qb3 h6 18. a4 bxa4 19. Qc4 f5 20. Qxa6 Nc3 21. Qb7 Rc8
22. Rfe1 Qd8 23. Bxa7 Rc7 24. Qb8 Rc8 25. Qxd6 Nb5 26. Qxg6 Nxa7 27. Nxe5 Be8
28. Qxf5 Rb8 29. Qe6+ Kh8 30. d6 Rb6 31. Nc4 Bd7 32. Qe7 Rb8 1-0

[Event "ch-city"]
[Site "Milanowek"]
[Date "2012.07.07"]
[Round "8.3"]
[White "Olejarczyk, Bogdan"]
[Black "Liberadzki, Slawomir"]
[Result "1/2-1/2"]
[WhiteElo "2132"]
[BlackElo "2080"]
[Annotator "Admin"]
[PlyCount "60"]
[EventDate "2012.06.30"]
[EventType "swiss"]
[EventCountry "POL"]

1. d4 d5 2. Nf3 Nf6 3. c4 e6 4. Nc3 b6 5. cxd5 Nxd5 6. e4 Nxc3 7. bxc3 Bb7 8.
Bd3 Be7 9. O-O O-O 10. Be3 Nd7 11. c4 e5 12. d5 Re8 13. Qe2 Bc5 14. Bd2 c6 15.
Rfe1 h6 16. Bc3 Qe7 17. Qd2 Rad8 18. Rad1 f5 19. exf5 cxd5 20. Bxe5 Bb4 21. Bc3
Bxc3 22. Qxc3 Qc5 23. Re6 Nf6 24. Rxe8+ Rxe8 25. Qd4 Rc8 26. Qxc5 Rxc5 27. Nd2
dxc4 28. Bxc4+ Bd5 29. Bb3 Bxb3 30. axb3 Rxf5 $11 1/2-1/2

[Event "ch-city"]
[Site "Milanowek"]
[Date "2012.07.07"]
[Round "8.4"]
[White "Sielicki, Tomasz"]
[Black "Wierzgala, Krzysztof"]
[Result "1-0"]
[WhiteElo "2011"]
[BlackElo "1752"]
[PlyCount "119"]
[EventDate "2012.06.30"]
[EventType "swiss"]
[EventCountry "POL"]

1. d4 g6 2. e4 d6 3. Nc3 Bg7 4. f4 Nf6 5. Nf3 Bg4 6. h3 Bxf3 7. Qxf3 e5 8. dxe5
dxe5 9. f5 c6 10. a4 Nh5 11. g3 Bf6 12. h4 Nd7 13. Be3 Ng7 14. O-O-O h5 15.
fxg6 Qe7 16. gxf7+ Qxf7 17. Bh3 O-O-O 18. Rhf1 Rhf8 19. Kb1 Qe7 20. Qe2 Kb8 21.
Qc4 Nb6 22. Qc5 Rxd1+ 23. Rxd1 Qxc5 24. Bxc5 Rf7 25. Rf1 Ne8 26. b3 Na8 27. Nd1
b6 28. Be3 Rg7 29. Rf3 Kc7 30. Nb2 b5 31. axb5 cxb5 32. Bxa7 Kc6 33. Bf2 Nac7
34. Nd3 Na6 35. Rf5 Rh7 36. Nxe5+ Bxe5 37. Rxe5 Nac7 38. Rc5+ Kb7 39. Be3 Nd6
40. e5 Nde8 41. e6 Rg7 42. Bf4 Kb6 43. Rxh5 Nf6 44. Rh6 Nfe8 45. Be5 Re7 46. g4
b4 47. g5 Nd5 48. Bg2 Nc3+ 49. Bxc3 bxc3 50. Bd5 Kc5 51. Bc4 Nd6 52. Rh8 Ne4
53. Rc8+ Kd4 54. Rd8+ Kc5 55. Rd7 Nd2+ 56. Kc1 Re8 57. Kd1 Nxc4 58. Rc7+ Kd6
59. Rxc4 Rxe6 60. Rxc3 1-0

[Event "ch-city"]
[Site "Milanowek"]
[Date "2012.07.07"]
[Round "8.5"]
[White "Kowalska, Elzbieta"]
[Black "Grochulski, Grzegorz"]
[Result "1/2-1/2"]
[WhiteElo "1944"]
[BlackElo "2090"]
[PlyCount "96"]
[EventDate "2012.06.30"]
[EventType "swiss"]
[EventCountry "POL"]

1. e4 c5 2. Nf3 e6 3. d4 cxd4 4. Nxd4 Nf6 5. Nc3 Nc6 6. Be2 Bb4 7. Nxc6 bxc6 8.
Qd3 d5 9. O-O O-O 10. e5 Nd7 11. Qg3 Qc7 12. Bf4 Re8 13. a3 Bf8 14. Rfe1 g6 15.
h4 Bg7 16. Bf3 Rb8 17. Nd1 Ba6 18. h5 c5 19. hxg6 hxg6 20. Be2 Qa5 21. f3 Bxe2
22. Rxe2 c4 23. c3 Rb3 24. Qe1 Reb8 25. Bh2 Nc5 26. Nf2 Rxb2 27. Rxb2 Rxb2 28.
Ng4 Nd7 29. Bf4 Rb3 30. Qh4 Qxc3 31. Re1 Rb8 32. Kh2 Kf8 33. Bh6 Bxh6 34. Qxh6+
Ke7 35. Re3 Qb2 36. Qh4+ Ke8 37. f4 c3 38. Nf6+ Nxf6 39. Qxf6 Qxa3 40. Rh3 Kd7
41. Qxf7+ Qe7 42. Qxg6 Kc6 43. Rxc3+ Kb7 44. Rb3+ Ka8 45. Rxb8+ Kxb8 46. Qf6
Qe8 47. g4 Qc8 48. f5 Qc2+ 1/2-1/2